Norwich City Players on Loan – Sudden Death - Statistics

General Stats
  • This quiz has been taken 38 times
  • The average score is 13 of 35
Answers on the Grid
Answers color-coded by a green-red scale on the quiz's grid according to % correct below.
Ben Alnwick
Patrick Bamford
Robbie Brady
Sam Byram
Andrew Crofts
Ritchie De Laet
Mitchell Dijks
Callum Doyle
Josip Drmić
Ondrej Duda
Johan Elmander
Ralf Fährmann
Christian Fassnacht
Leroy Fer
Fraser Forster
Matthew Gill
Billy Gilmour
Angus Gunn
Jonás Gutiérrez
Isaac Hayden
Sydney van Hooijdonk
Jos Hooiveld
Ozan Kabak
Kei Kamara
Harry Kane
Tim Krul
Henri Lansbury
Pierre Lees-Melou
Moritz Leitner
Marquinhos
Russell Martin
Dieumerci Mbokani
Steve Morison
Kyle Naughton
Daniel Pacheco
Felix Passlack
Alex Pritchard
Xavi Quintillà
Harrison Reed
Jordan Rhodes
Danel Sinani
Oliver Skipp
Anis Ben Slimane
Louis Thompson
Sam Vokes
Yanic Wildschut
Brandon Williams
Jacob Wright
Joseph Yobo
Christoph Zimmermann
 
Answer Stats
Answer % Correct
Loaned from Chelsea Billy Gilmour
68%
Loaned from Tottenham Harry Kane
68%
Loaned from Chelsea Patrick Bamford
68%
Loaned from Manchester City Callum Doyle
64%
Loaned from Bologna Sydney van Hooijdonk
64%
Loaned from Manchester City Jacob Wright
60%
Loaned from Schalke 04 Ozan Kabak
60%
Loaned from Newcastle United Isaac Hayden
56%
Loaned from Manchester United Brandon Williams
52%
Loaned from Arsenal Marquinhos
52%
Loaned from Tottenham Oliver Skipp
52%
Loaned from Hertha Berlin Ondrej Duda
52%
Loaned from Newcastle United Fraser Forster
44%
Loaned from Schalke 04 Ralf Fährmann
44%
Loaned from Manchester City Angus Gunn
40%
Loaned from Southampton Harrison Reed
36%
Loaned from Ajax Mitchell Dijks
36%
Loaned from Villareal Xavi Quintillà
36%
Loaned from Sheffield United Anis Ben Slimane
32%
Loaned from Liverpool Daniel Pacheco
32%
Loaned from Arsenal Henri Lansbury
32%
Loaned from Sheffield Wednesday Jordan Rhodes
32%
Loaned from Dynamo Kyiv Dieumerci Mbokani
28%
Loaned from Borussia Dortmund Felix Passlack
28%
Loaned from Manchester United Ritchie De Laet
28%
Loaned from Newcastle United Jonás Gutiérrez
24%
Loaned from Tottenham Hotspur Kyle Naughton
24%
Loaned from Tottenham Hotspur Ben Alnwick
20%
Loaned from Galatasaray Johan Elmander
20%
Loaned from Fenerbahçe Joseph Yobo
20%
Loaned from Wolves Sam Vokes
20%
Loaned from Sporting Kansas City Kei Kamara
16%
Loaned from Southampton Jos Hooiveld
12%
Loaned from Peterborough United Russell Martin
12%
Loaned from Augsburg Moritz Leitner
8%
No matching quizzes found
Score Distribution
Percent of People with Each Score
Percentile by Number Answered
Your Score History
You have not taken this quiz